000 00218nam a2200097Ia 4500
008 240331s9999 xx 000 0 und d
082 _bKAP
100 _aKaplan, R
245 4 _aThe catcher in the rye :
_bnotes
942 _cL
999 _c3185
_d3185